| 000 | 00381 a2200133 4500 | ||
|---|---|---|---|
| 001 | 90961 | ||
| 082 | _aPR 1663 | ||
| 090 |
_c43098 _d43098 |
||
| 100 | _aAmad Ali Khalid; Taimur Qureshi (Advisor) | ||
| 245 |
_aDesign and Fabrication of Security Cabin for Bomb/Ballistic Protection _n75th 'A' EC |
||
| 260 |
_aRawalpindi _bNUST _c2013 |
||
| 300 | _a54p | ||
| 500 | _aBE Projct Rports | ||
| 942 |
_aCAE NUST _kPR 1663 |
||
| 999 |
_c326034 _d326034 |
||